Loading...
| Science - Chemistry | 1 | 2 | 0 | 0 | 35 | 50 | 71.00 | 3 | 3 | 0.00 | 0.00 |
| Science - Biology | 1 | 1 | 0 | 0 | 25 | 59 | 78.50 | 0 | 2 | 0.00 | 0.00 |
| Beliefs | 0 | 3 | 1 | 2 | 25 | 83 | 128.67 | 1 | 3 | 0.00 | 0.00 |
| Social Science | 0 | 2 | 0 | 0 | 20 | 117 | 120.50 | 0 | 2 | 0.00 | 0.00 |
| 0 | 2 | 2 | 1 | 10 | 83 | 108.50 | 2 | 2 | 0.00 | 0.00 | |
| Fine Arts - Auditory | 0 | 1 | 0 | 0 | 10 | 85 | 85.00 | 0 | 1 | 0.00 | 0.00 |
| Fine Arts - Visual | 0 | 1 | 0 | 0 | 10 | 67 | 67.00 | 0 | 1 | 0.00 | 0.00 |
| Other Arts: Visual | 0 | 1 | 1 | 1 | 5 | 118 | 118.00 | 0 | 1 | 0.00 | 0.00 |
| Other Academic | 0 | 0 | 1 | 0 | -5 | 0.00 | 0 | 0 | 0.00 | 0.00 | |
| History - World | 0 | 0 | 1 | 0 | -5 | 0.00 | 0 | 0 | 0.00 | 0.00 | |
| History - European | 0 | 0 | 1 | 0 | -5 | 0.00 | 0 | 0 | 0.00 | 0.00 |